Anna - Harry Styles (All Lyrics) - Statistics

General Stats
  • This quiz has been taken 288 times
  • The average score is 226 of 296
Answer Stats
Anna % Correct
Anna
99%
Chorus | Verse 1 | Verse 2 | Verse 3 I
98%
you
98%
You
98%
do
97%
don't
97%
me
97%
Oh
97%
know
96%
to
95%
what
95%
your
94%
when
93%
want
90%
But
88%
sympathy
84%
the
84%
on
80%
where
79%
So
77%
so
77%
you're
77%
it's
75%
see
74%
not
72%
time
72%
can
71%
Every
71%
face
70%
take
69%
with
69%
Just
68%
There's
68%
and
67%
And
67%
much
67%
only
66%
how
63%
If
60%
layin'
60%
in
59%
tell
59%
street
54%
I'd
53%
out
52%
perfume
52%
taste
51%
smoke
49%
spit
48%
up
48%
passed
46%
chew
45%
nothing
45%
for
44%
that
44%
hear
42%
Na
42%
na
42%
Never
42%
never
42%
left
41%
lose
40%
this
40%
truth
35%
asked
34%
I've
34%
hope
33%
now
15%
No matching quizzes found
Score Distribution
Percent of People with Each Score
Percentile by Number Answered
Your Score History
You have not taken this quiz